Soljenitsin / (Record no. 171870)

MARC details
000 -LEADER
campo de control de longitud fija 00546nam a22001815i 4500
001 - NÚMERO DE CONTROL
campo de control 171870
003 - IDENTIFICADOR DE NÚMERO DE CONTROL
campo de control ES-MaACL
005 - FECHA Y HORA DE LA ÚLTIMA TRANSACCIÓN
campo de control 20230906214743.0
008 - DATOS DE LONGITUD FIJA--INFORMACIÓN GENERAL
campo de control de longitud fija 090604s1974 sp |||| | spa d
080 ## - NÚMERO DE LA CLASIFICACIÓN DECIMAL UNIVERSAL
Número de la Clasificación Decimal Universal 929 Solzhenitsyn, Aleksandr
100 1# - ENTRADA PRINCIPAL--NOMBRE DE PERSONA
Nombre de persona Solzhenitsyn, Aleksandr Isaevich.
9 (RLIN) 107256
245 10 - MENCIÓN DEL TÍTULO
Título Soljenitsin /
Mención de responsabilidad, etc. [traducción de Juan Moreno].
260 ## - PUBLICACIÓN, DISTRIBUCIÓN, ETC.
Lugar de publicación, distribución, etc. [Barcelona] :
Nombre del editor, distribuidor, etc. Plaza Janés,
Fecha de publicación, distribución, etc. [1974]
300 ## - DESCRIPCIÓN FÍSICA
Extensión 88 p. :
Otras características físicas il. ;
Dimensiones 22 cm.
700 1# - ENTRADA AGREGADA--NOMBRE PERSONAL
Nombre de persona Moreno, Juan.
9 (RLIN) 182367
852 ## - LOCALIZACIÓN
Ubicación ES-MaACL
Número de control de estantería E-6632
itemnumber R.90806
Holdings
Estatus retirado Estado de pérdida Estado de daño No para préstamo Biblioteca de origen Biblioteca actual Ubicación en estantería Fecha de adquisición Fuente de adquisición Total de préstamos Signatura topográfica completa Código de barras Visto por última vez Precio de reemplazo Tipo de ítem Koha
        Biblioteca del Ateneo de Madrid Biblioteca del Ateneo de Madrid Depósito 2 04/06/2009     E-6632 1180372 23/02/2023 23/02/2023 Libro impreso